000 nam a22 7a 4500
999 _c8402
_d8402
008 180116b ||||| |||| 00| 0 eng d
100 _94808
_aAGGARWAL.M.L ET AL
245 _aLEARNING MATHEMATICS -VIII,VII,VI,
260 _aNEW DELHI
_bAPC
_c2016